Lung volume subdivisions and expiratory flow rates in lean and moderately obese women : at rest and during two intensities of submaximal exercise /

Bibliographic Details
Main Author: Babb, Tony Glen, 1954-
Format: Thesis Microform Book
Language:English
Published: [Place of publication not identified] : [publisher not identified] ; 1986.
Subjects:

MARC

Tag First Indicator Second Indicator Subfields
LEADER 00000cam a2200000 a 4500
001 in00000029839
005 20151007054807.0
007 he bmb|||||||
008 880608r19881986orua bb 00010 eng d
035 |a (OCoLC)18054186 
035 |9 AAB6233AM 
040 |a ORU  |c OSU  |d OSU  |d HPE  |d TXA  |d UtOrBLW 
049 |a TXAI 
099 |a fiche  |a C  |a 10622 
100 1 |a Babb, Tony Glen,  |d 1954- 
245 1 0 |a Lung volume subdivisions and expiratory flow rates in lean and moderately obese women :  |b at rest and during two intensities of submaximal exercise /  |c by Tony G. Babb. 
264 1 |a [Place of publication not identified] :  |b [publisher not identified] ;  |c 1986. 
300 |a x, 88 leaves :  |b illustrations 
336 |a text  |b txt  |2 rdacontent 
337 |a microform  |b h  |2 rdamedia 
338 |a microfiche  |b he  |2 rdacarrier 
502 |b Ph. D.  |c Pennsylvania State University  |d 1986. 
500 |a Vita. 
504 |a Bibliography: leaves [60]-62. 
533 |a Microfiche.  |b Eugene :  |c Microform Publications, College of Human Development and Performance, University of Oregon,  |d 1988.  |e 2 microfiches : negative ; 11 x 15 cm. 
500 |a Microform. 
650 0 |a Obesity. 
650 0 |a Respiration. 
650 0 |a Pulmonary function tests. 
999 |a MARS 
999 f f |s 71e82af3-8eaf-3d8f-822f-6550c97609e6  |i 4facc800-1b1f-38c7-ac7d-adbcccc63a9b  |t 0 
952 f f |p default  |a Texas A&M University  |b College Station  |c Sterling C. Evans Library  |d Evans: Microforms (3rd floor)  |t 0  |e fiche C 10622  |h Other scheme  |i microform -- microfiche 
998 f f |a fiche C 10622  |t 0  |l Evans: Microforms (3rd floor)